[Event "BRA-ch U12"]
[Site "Florianopolis"]
[Date "2018.04.28"]
[Round "1"]
[White "Alberti, Joao Valmar Bonfim"]
[Black "De Siqueira, Luigy Lira"]
[Result "0-1"]
[WhiteElo "1852"]
[BlackElo "1590"]
[PlyCount "36"]
[EventDate "2018.04.28"]
[EventType "swiss"]
[EventRounds "6"]
[EventCountry "BRA"]
[SourceTitle "EXT 2021"]
[Source "ChessBase"]
[SourceDate "2020.10.23"]
[SourceVersion "1"]
[SourceVersionDate "2020.10.23"]
[SourceQuality "1"]

1. e4 e5 2. Nf3 Nc6 3. Bc4 Bc5 4. c3 Nf6 5. d3 h6 6. 0-0 0-0 7. Re1 Re8 8. b4 Bb6 9. a4 a6 10. h3 d5 11. exd5 Nxd5 12. Bb3 Nf6 13. Nbd2 Bf5 14. Nf1 e4 15. Nh4 Bh7 16. dxe4 Nxe4 17. Ne3 Qxh4 18. Kf1 Qxf2# 0-1